000 00572nam a2200181Ia 4500
003 GCL
008 140319s9999 xx 000 0 ara d
040 _aGCL /
_cGCL
082 0 4 _a631.5
_bم م
100 1 _aمحمد على الفرا
245 1 0 _aمشكلة انتاج الغذاء فى الوطن العربى (عالم المعرفة 21 ) /
_cمحمد على الفرا
300 _a285 ص
490 _aعالم المعرفة
_v0
650 0 4 _aالوطن العربى
650 0 4 _aالاغذية
650 0 4 _aالانتاج الزراعى
942 _2ddc
_cBK
999 _c51530
_d51530